Engineering mechanics : Dynamics

Đã lưu trong:
书目详细资料
主要作者:  Pytel, Andrew
格式: Sách
语言:Undetermined
出版:  Cengage Learning  2001
主题:
标签: 添加标签
没有标签, 成为第一个标记此记录!
Thư viện lưu trữ: Trung tâm Thư viện - Trường Đại học Công nghiệp TP. Hồ Chí Minh
LEADER 00505nam a2200157Ia 4500
001 UIH_02675
008 231011s9999 xx 000 0 und d
082 |a  620.1 
100 |a  Pytel, Andrew 
245 0 |a  Engineering mechanics : Dynamics 
245 0 |c  Pytel, Andrew 
260 |b  Cengage Learning 
260 |c  2001 
650 |a  Cơ học ứng dụng; Động lực học;  
927 |a Sách 
980 |a Trung tâm Thư viện - Trường Đại học Công nghiệp TP. Hồ Chí Minh